000 00961cam a22003137a 4500
003 CHAP
005 20220329134018.0
008 971013s1948 r 00010 d
010 _a14067
011 _a15039
035 _a19113
040 _cCHAP
082 _a593
_bB45
100 0 0 _aBeltrán, Enrique.
_911476
245 1 4 _aLos protozoarios parásitos del hombre
260 _aMéxico, D. F. :
_bECLAL/UTHEA,
_c1948
300 _a276 p.
_b: ilus.
504 _aBibliografía, p. 237-263.
590 _aBATCH-UPD
_b10
_c20130110
_lUCH01
_h0139
590 _aBATCH-UPD
_b10
_c20130110
_lUCH01
_h1628
590 _aBATCH-UPD
_b10
_c20130409
_lUCH01
_h2137
590 _aBATCH-UPD
_b10
_c20130410
_lUCH01
_h1021
590 _aBATCH-UPD
_b10
_c20130914
_lUCH01
_h0559
590 _aCONVERSION
_b10
_c20130109
_lUCH01
_h1309
650 1 4 _aProtozoarios patógenos.
_992473
901 _aBK
942 _cLIBRO
949 _a593 B45
_bBC
_cMUT
_d-44322
_eMUT
_h3784
_i19113
_si
999 _c14067
_d14067